Cultural diplomacy and its organizational and institutional models in selected states

Kultúrna diplomacia je v praxi jednotlivých štátov realizovaná prostredníctvom rôznych typov aktérov, z ktorých za najvýznamnejšie možno vo všeobecnosti považovať diplomatické misie, ale aj kultúrne inštitúty, ktoré môžu byť diplomatickej, ale rovnako aj nediplomatickej povahy. Na základe typov akté...

Ausführliche Beschreibung

Gespeichert in:
Bibliographische Detailangaben
1. Verfasser: Pajtinka, Erik
Format: Buchkapitel
Sprache:Englisch
Schlagworte:
Tags: Tag hinzufügen
Keine Tags, Fügen Sie das erste Tag hinzu!

MARC

LEADER 00000naa a2200000 4500
001 0204695
005 20221019175243.3
041 0 |a eng 
044 |a SK 
245 1 0 |a Cultural diplomacy and its organizational and institutional models in selected states  |c Erik Pajtinka 
520 |a Kultúrna diplomacia je v praxi jednotlivých štátov realizovaná prostredníctvom rôznych typov aktérov, z ktorých za najvýznamnejšie možno vo všeobecnosti považovať diplomatické misie, ale aj kultúrne inštitúty, ktoré môžu byť diplomatickej, ale rovnako aj nediplomatickej povahy. Na základe typov aktérov, ktoré sa podstatným spôsobom podieľajú na výkone kultúrnej diplomacie daného štátu, ako aj ich početnosti a charakteru vzájomných vzťahov medzi nimi, možno rozlišovať rôzne organizačno-inštitucionálne modely kultúrnej diplomacie. Konkrétne napríklad pre organizačno-inštitucionálny model kultúrnej diplomacie Francúzskej republiky a Slovenskej republiky je charakteristické okrem iného to, že väčšina kultúrnodiplomatických aktivít je zabezpečovaná diplomatickými orgánmi, zatiaľ čo napríklad pre model v Spolkovej republike Nemecko je charakteristická vyššia miera participácie subjektov nediplomatickej povahy. 
610 2 0 |a diplomacia 
610 2 0 |a kultúra 
610 2 0 |a Slovensko 
610 2 0 |a Francúzsko 
610 2 0 |a Nemecko 
100 1 |a Pajtinka, Erik